| 000 | 01020nam a22002537a 4500 | ||
|---|---|---|---|
| 001 | 80335 | ||
| 003 | BD-RjUL | ||
| 005 | 20230402155848.0 | ||
| 008 | 220912s2004 bg a|||| m||| 00| 0 eng d | ||
| 035 | _a(BD-RjUL)80335 | ||
| 040 |
_aBD-RjUL _beng _cBD-RjUL _dBD-RjUL |
||
| 041 | _aeng | ||
| 082 |
_223 _a631.521 _bSAS 2004 |
||
| 100 |
_aSana, Niranjan Kumar _94734 |
||
| 245 | 1 | 0 |
_aStudies on some enzymes from germinating oil and cereal seeds / _cBy Niranjan Kumar Sana ; _6Supervisor : Entazul M. Huque, Co-Supervisor : Ranajit Kumar Shaha |
| 260 |
_aRajshahi : _bDepartment of Biochemistry & Molecular Biology, University of Rajshahi _c2004 |
||
| 300 |
_axiv, 138 leaves : _bill, ; _c29.cm. |
||
| 502 | _aThesis (Ph. D.) -- Department of Biochemistry & Molecular Biology, University of Rajshahi, 2004 | ||
| 504 | _aReferences : Leaves 124 - 138 | ||
| 650 |
_aSeeds _94735 _vDevelopment |
||
| 700 |
_aHuque, Entazul, M. Supervisor _94736 |
||
| 700 |
_aShaha, Ranajit, Kumar, CO-Supervisor _94737 |
||
| 942 |
_2ddc _cTHE |
||
| 999 |
_c80335 _d80335 |
||